The basics of social research / (Record no. 20914)

MARC details
000 -LEADER
fixed length control field 01421cam a22003614a 4500
001 - CONTROL NUMBER
control field 13428845
003 - CONTROL NUMBER IDENTIFIER
control field OSt
005 - DATE AND TIME OF LATEST TRANSACTION
control field 20211201104937.0
008 - FIXED-LENGTH DATA ELEMENTS--GENERAL INFORMATION
fixed length control field 031208s2005 caua b 001 0 eng
010 ## - LIBRARY OF CONGRESS CONTROL NUMBER
LC control number 2003116250
020 ## - INTERNATIONAL STANDARD BOOK NUMBER
International Standard Book Number 0534630367 (student ed.)
020 ## - INTERNATIONAL STANDARD BOOK NUMBER
International Standard Book Number 0534630375 (instructor ed.)
020 ## - INTERNATIONAL STANDARD BOOK NUMBER
International Standard Book Number 0534630359 (CDROM)
035 ## - SYSTEM CONTROL NUMBER
System control number (DLC) 2003116250
040 ## - CATALOGING SOURCE
Original cataloging agency DLC
Transcribing agency HU
Modifying agency DLC
042 ## - AUTHENTICATION CODE
Authentication code pcc
050 00 - LIBRARY OF CONGRESS CALL NUMBER
Classification number H62
Item number .B18 2005
082 00 - DEWEY DECIMAL CLASSIFICATION NUMBER
Classification number 301/.072
Edition number 22
100 1# - MAIN ENTRY--PERSONAL NAME
Personal name Babbie, Earl R.
9 (RLIN) 13152
245 14 - TITLE STATEMENT
Title The basics of social research /
Statement of responsibility, etc. Earl Babbie.
250 ## - EDITION STATEMENT
Edition statement 3rd ed.
260 ## - PUBLICATION, DISTRIBUTION, ETC.
Place of publication, distribution, etc. Belmont, CA :
Name of publisher, distributor, etc. Thomson/Wadsworth,
Date of publication, distribution, etc. c2005.
300 ## - PHYSICAL DESCRIPTION
Extent xxiv, 519 p. :
Other physical details ill. ;
Dimensions 24 cm. +
Accompanying material 1 CD-ROM (4 3/4 in.)
500 ## - GENERAL NOTE
General note Title on CD-ROM: Babbie's research writer CD-ROM.
504 ## - BIBLIOGRAPHY, ETC. NOTE
Bibliography, etc. note Includes bibliographical references (p. 491-502) and index.
538 ## - SYSTEM DETAILS NOTE
System details note System requirements for accompanying CD-ROM: Windows 98+/Mac OS 8.1+; Internet Explorer 5.0+/Netscape 4.77+; Pentium III 450 MHz/G3 or later; 32MB RAM processor (64MB recommended).
650 #0 - SUBJECT ADDED ENTRY--TOPICAL TERM
Topical term or geographic name entry element Social sciences
General subdivision Research.
9 (RLIN) 9917
650 #0 - SUBJECT ADDED ENTRY--TOPICAL TERM
Topical term or geographic name entry element Social sciences
General subdivision Methodology.
9 (RLIN) 3028
740 02 - ADDED ENTRY--UNCONTROLLED RELATED/ANALYTICAL TITLE
Uncontrolled related/analytical title Babbie's research writer CD-ROM.
906 ## - LOCAL DATA ELEMENT F, LDF (RLIN)
a 7
b cbc
c orignew
d 3
e epcn
f 20
g y-gencatlg
942 ## - ADDED ENTRY ELEMENTS (KOHA)
Source of classification or shelving scheme Dewey Decimal Classification
Koha item type Books like text book referance book
Suppress in OPAC No
Holdings
Withdrawn status Lost status Source of classification or shelving scheme Damaged status Not for loan Collection code Home library Current library Shelving location Date acquired Total Checkouts Full call number Barcode Date last seen Copy number Price effective from Koha item type
    Dewey Decimal Classification     Non-fiction Wondo Genet Library Wondo Genet Library General Stacks 12/01/2021   301.072 BAB 2005 WGCFNRL00009060 12/01/2021 1 12/01/2021 Books like text book referance book
    Dewey Decimal Classification     Non-fiction Wondo Genet Library Wondo Genet Library General Stacks 12/01/2021   301.072 BAB 2005 WGCFNRL00009061 12/01/2021 2 12/01/2021 Books like text book referance book